00330nam a2200109Ia 450000500170000000800410001702000790005808200120013710000220014924500170017126000320018820260212182545.0260212s9999 xx 000 0 und d a0786890053 (mass market paperback) | 9780786890057 (mass market paperback) a823 WAL aWallace, Randall. 0aPearl harbor bPenguin BooksaLondonc2001